000 01336nam a2200361 i 4500
001 18484
003 ES-MaACL
005 20240924104646.0
007 t|
008 011107s2000 sp ||||0| spa j
020 _a84-8103-229-8
040 _aM-BN
_bspa
_cM-BN
080 _a929(=1.460.41:729.1)"18"
080 _a37(729.1)"18"
080 _a371.124(729.1)"18"
100 1 _aNegrín Fajardo, Olegario.
_985310
245 1 0 _aProfesores canarios en Cuba durante el siglo XIX /
_cOlegario Negrín Fajardo.
260 _aLas Palmas de Gran Canaria :
_bEdiciones del Cabildo de Gran Canaria,
_c2000.
300 _a322 p ;
_c21 cm.
490 1 _aHistoria
500 _aCatalogación provisional. Signatura: N-8905. Depósito J.
504 _aBibliografía: p. 295-312.
650 1 4 _aCanarios-
_zCuba-
_yS.XIX.
_910716
650 4 _aEnseñanza-
_zCuba
_912282
650 1 4 _aProfesores-
_zCuba-
_yS.XIX.
_916458
710 1 _aGran Canaria.
_bCabildo Insular.
_92264
830 0 _aHistoria
_9177536
852 _aES-MaACL
_jL-25101
_bR.130423
_xRústica con solapas
_919058
_cDEPO2
852 _aES-MaACL
_jN-8905
_bR.153606
_cDEPOJ
_xRústica con solapas
_9203918
_hDonación: Editorial
_tDuplicado
942 _2udc
_cMONOGRAFIA
999 _c18484
_d18484